| 000 | 00765nas a2200253 4500 | ||
|---|---|---|---|
| 001 | BR9902098 | ||
| 003 | BR-BrBNA | ||
| 005 | 20231205101402.0 | ||
| 007 | ta | ||
| 008 | 230509b bl.|||p| |||| 00| 00por d | ||
| 040 |
_aBR-BrBNA _bpor _cBiblioteca Nacional de Agricultura |
||
| 041 | _a(Pt) | ||
| 072 | _aF02 | ||
| 100 | 1 | _aVesco, L.L. dal | |
| 100 | 1 | _aGuerra, M.P. | |
| 245 | 1 | _aOrganogenese e micropropagacao da goiabeira serrana (Feijoa sellowiana Berg) | |
| 650 | _aGoiaba | ||
| 650 | _aMicropropagacao | ||
| 650 | _aOrganogenese | ||
| 650 | _aMeio de Cultura | ||
| 773 | 0 |
_tRevista Brasileira de Fruticultura (Brazil) _xISSN 0100-2945 _g(Apr 1999), v. 21(1) p. 60-64 _wBR9902098 |
|
| 909 |
_a202311 _bLúcia _c55 _dLúcia Elande |
||
| 942 |
_2AGRIS _n0 _cANA |
||
| 999 |
_c161511 _d161511 |
||